Geboren in Hamm - Statistiken

Allgemein
  • Dieses Quiz wurde 28 mal gespielt
    14 seit der letzten Aktualisierung
  • Das Durchschnittsergebnis liegt bei 3 aus 9
Antwortstatistiken
Hinweis Antwort % Korrekt
Fußballnationalspielerin, FC Chelsea 2001 Sjoeke Nüsken
69%
ehemaliger Fußballnationalspieler (Hamburger SV und Rot-Weiss Essen) und langjähriger Trainer von Jugendnationalmannschaften 1951 Horst Hrubesch
62%
Sprinterin und Europameisterin im 100-Meter-Lauf bei den Europameisterschaften 2022 1996 Gina Lückenkemper
54%
ehemaliger Fußballnationalspieler (Hannover, Mönchengladbach und Wolfsburg) 1983 Mike Hanke
46%
früherer Fußballnationalspieler (MSV Duisburg und Schalke), Spitzname "Ennatz" 1948 Bernard Dietz
38%
Autor und Regisseur, "Die Wilden Fußballkerle" 1960 Joachim Masannek
15%
Verleger von "Die Zeit", Mitgründer von Gruner+Jahr und CDU-Politiker 1906 Gerd Bucerius
0%
Schauspieler, bekannt für seine Rolle als Max Ballauf im Kölner "Tatort" 1960 Klaus J. Behrendt
0%
Schauspieler, bekannt als Darsteller der Hauptfigur in "Wilsberg" 1956 Leonard Lansink
0%
Keine übereinstimmenden Quizze gefunden
Verteilung der Resultate
Anzahl Personen mit jedem Resultat
Perzentil nach korrekt beantworteten Fragen
Ihre Resultats-Entwicklung
Sie haben dieses Quiz seit der letzten Aktualisierung nicht gespielt